|
|
|
|
| LEADER |
00000nam0a2200000 4500 |
| 001 |
134325 |
| 005 |
20231031135634.0 |
| 035 |
|
|
|a (RuTPU)RU\TPU\book\145589
|
| 035 |
|
|
|a RU\TPU\book\81366
|
| 090 |
|
|
|a 134325
|
| 100 |
|
|
|a 20050411d1950 km y0rusy50 ca
|
| 101 |
0 |
|
|a rus
|
| 102 |
|
|
|a RU
|
| 105 |
|
|
|a a z 001zy
|
| 200 |
1 |
|
|a Математическая обработка результатов измерений
|f К. П. Яковлев
|
| 210 |
|
|
|a Москва
|c Государственное издательство технико-теоретической литературы
|d 1950
|
| 215 |
|
|
|a 388 с.
|c ил.
|
| 320 |
|
|
|a Предметный указатель: с. 386-388.
|
| 610 |
1 |
|
|a измерения
|
| 610 |
1 |
|
|a математическая обработка
|
| 610 |
1 |
|
|a приближенные величины
|
| 610 |
1 |
|
|a приближенные числа
|
| 610 |
1 |
|
|a ошибки
|
| 610 |
1 |
|
|a точность измерений
|
| 610 |
1 |
|
|a номография
|
| 610 |
1 |
|
|a интерполирование
|
| 610 |
1 |
|
|a гармонический анализ
|
| 610 |
1 |
|
|a эмпирические формулы
|
| 610 |
1 |
|
|a результаты измерений
|
| 675 |
|
|
|a 519
|v 3
|
| 700 |
|
1 |
|a Яковлев
|b К. П.
|
| 801 |
|
1 |
|a RU
|b 63413507
|c 20080327
|g PSBO
|
| 801 |
|
2 |
|a RU
|b 63413507
|c 20090507
|g PSBO
|
| 942 |
|
|
|c BK
|